| 000 | 00584nam a2200181Ia 4500 | ||
|---|---|---|---|
| 003 | GCL | ||
| 008 | 140319s9999 xx 000 0 ara d | ||
| 040 |
_aGCL / _cGCL |
||
| 082 | 0 | 4 |
_a956.042 _bع ق |
| 100 | 1 | _aعبدالرحيم ابوطالب | |
| 245 | 1 | 0 |
_aالقضية الفلسطينية بين البرلمان المصرى وجامعة الدول العربية / _cعبدالرحيم ابوطالب |
| 300 | _a123 ص | ||
| 490 |
_aكتاب _v0 |
||
| 650 | 0 | 4 | _aالسياسة |
| 650 | 0 | 4 | _aالقضية الفلسطينية |
| 650 | 0 | 4 | _aالتاريخ |
| 942 |
_2ddc _cBK |
||
| 999 |
_c42219 _d42219 |
||